【胆振東部】河川、湖沼名(胆振国所属市町村が河口) - Statistics

General Stats
  • This quiz has been taken 8 times
    7 since last reset
  • The average score is 7 of 438
Answer Stats
沿岸市町村 階級 河川名 % Correct
白老町 二級河川 白老川
71%
白老町 二級河川 社台川
43%
苫小牧市 二級河川 苫小牧川
43%
苫小牧・安平 二級河川 安平川
43%
北海道 白老・登別 フシコベツ川
29%
白老町 アヨロ川
29%
白老町 二級河川 敷生川
29%
(▲) 白老町 フシコベツ川
29%
白老町 飛生川
29%
白老町 メップ川
29%
白老町 二級河川 フシコベツ川
29%
白老町 ポンベツ川
29%
白老町 毛白老川
29%
白老町 二級河川 ウヨロ川
29%
苫小牧市 ウトナイ湖
29%
厚真町 二級河川 厚真川
29%
むかわ・占冠 一級河川 鵡川
29%
白老町 毛敷生川(毛藪生川)
14%
白老町 二級河川 ブウベツ川
14%
白老町 ポロト湖
14%
苫小牧・白老 二級河川 別々川
14%
苫小牧市 樽前川(タルマエ川)
14%
苫小牧市 二級河川 錦多峰川
14%
苫小牧市 錦岡川
14%
苫小牧市 小泉の沢川
14%
苫小牧市 二級河川 有珠川
14%
苫小牧市 二級河川 勇払川
14%
苫小牧市 植苗川
14%
白老町 倶多楽湖(クツタラコ)
0%
白老・登別 二級河川 ポンアヨロ川
0%
白老町 オモンベツ川
0%
白老町 クッタリウス川
0%
白老町 シンノスケクンベツ川
0%
白老町 ホイシクマカンベツ川
0%
白老町 トウヤマナンナイ川
0%
白老町 白水川
0%
白老町 コイホクウシュウベツ川
0%
⚫︎ 白老町 十七点沢川
0%
白老町 フジ川
0%
白老町 三角点沢川
0%
白老町 大滝沢川
0%
白老町 幌内川
0%
白老町 トドマツ川
0%
白老町 赤川
0%
白老町 深沢川
0%
白老町 ウトカンベツ川
0%
白老町 バンノ沢川
0%
白老町 学田川
0%
白老町 シンスケウヨロ川
0%
白老町 ユピポリウシウヨロ川
0%
白老町 イサカナイ川
0%
⚫︎ 白老町 ポンイサカナイ川
0%
白老町 イレスナイ川
0%
白老町 メナ川
0%
⚫︎ 白老町 イシカリブーベツ川
0%
白老町 ポロチナイ川
0%
白老町 ヨコスト川
0%
白老町 ウツナイ川
0%
白老町 西別々川
0%
苫小牧市 森田沼
0%
苫小牧市 タネト沼
0%
苫小牧市 ポン樽前川(ポンタルマエ川)
0%
苫小牧市 樽前大沼
0%
苫小牧市 錦大沼
0%
苫小牧市 錦小沼
0%
苫小牧市 覚生川(オボプ川)
0%
苫小牧市 熊の沢川
0%
苫小牧市 トキト沼
0%
苫小牧市 マッカ沼
0%
苫小牧市 錦多布沢川
0%
苫小牧市 ナカイチ沼
0%
苫小牧市 口無沼
0%
苫小牧市 ポン小糸魚川
0%
苫小牧市 小糸魚川
0%
苫小牧市 日新川
0%
苫小牧市 豊木川
0%
苫小牧市 幌内川
0%
安平町 古川沼
0%
安平町 菊地の沢川
0%
安平町 光起川
0%
安平町 大沢川
0%
安平町 秩父の沢川
0%
安平町 内海の沢川
0%
安平町 石橋の沢川
0%
安平町 大迫の沢川
0%
安平町 牧田の沢川
0%
安平町 新生川
0%
安平町 二級河川 支安平川
0%
安平町 千坂の沢川
0%
安平町 ポン支安平川
0%
安平町 春辺沢川
0%
⚫︎ 安平町 奥村の沢川
0%
安平町 明春辺川(アッケシュンベ川)
0%
⚫︎ 安平町 大橋の沢川
0%
⚫︎ 安平町 富田の沢川
0%
◽︎ 安平町 林の沢川
0%
◾︎ 安平町 高橋の沢川
0%
⚫︎ 安平町 小中の沢川
0%
安平町 二級河川 ニタッポロ川
0%
安平町 降矢の沢川
0%
安平町 湯の沢川
0%
安平町 下安平幹線排出川
0%
安平町など 二級河川 遠浅川
0%
千歳市 ホカンカニ川(アウサリ川)
0%
安平町 フモンケ川
0%
安平町 谷の沢川
0%
安平町 東遠浅幹線排出川
0%
苫小牧市 弁天沼
0%
苫小牧市 丸山川
0%
苫小牧市 勇振川(ユウプリ川)
0%
苫小牧市 トキサタマップ川
0%
苫小牧市 オタルマップ川
0%
苫小牧市 ポンオタルマップ川
0%
苫小牧・千歳 二級河川 美々川
0%
千歳市 千歳湖
0%
⚫︎ 苫小牧市 オホコツ川
0%
⚫︎ 苫小牧・千歳 美沢川
0%
◽︎ 苫小牧市 美沢枝川
0%
⚫︎ 苫小牧市 ペンケナイ川
0%
⚫︎ 苫小牧市 パンケナイ川
0%
⚫︎ 苫小牧市 丹治沼川
0%
苫小牧市 丹治沼
0%
苫小牧市 旧勇払川
0%
苫小牧市 二級河川 明野川
0%
苫小牧市 弁天水路川
0%
厚真町 三ケ月沼
0%
厚真町 鶴の沼
0%
厚真町 奥井沼
0%
厚真町 平木沼
0%
厚真町 朝日沼
0%
厚真町 ペンケセタ沢
0%
厚真町 パンケセタ沢
0%
厚真町 松井の沢
0%
厚真町 棚ノ沢
0%
厚真町 雷沢
0%
厚真町 ショウシウシ川(ショウシウシ沢川)
0%
厚真町 黄金沢
0%
厚真町 松喜ノ沢
0%
厚真町 佐富の沢
0%
厚真町 ペンケユクチセ川
0%
厚真町 メルクンナイ沢(メルクンナイ沢川)
0%
厚真町 カンコウノ沢
0%
厚真町 クマノ沢
0%
厚真町 イクバンドユクチセ沢
0%
厚真町 ショロマ川(ショロマ沢川)
0%
厚真町 沼ノ沢
0%
⚫︎ 厚真町 テントノ沢
0%
厚真町 寿老ノ沢
0%
厚真町 弁天ノ沢
0%
厚真町 エビスノ沢
0%
厚真町 門治ノ沢
0%
厚真町 大黒ノ沢
0%
厚真町 ショロマ沢
0%
厚真町 毘沙門沢
0%
厚真町 一里沢川
0%
厚真町 鬼岸辺川(オニキシベ川)
0%
厚真町 フキノ沢
0%
厚真町 冷水ノ沢
0%
厚真町 金本ノ沢
0%
厚真町 キウキチ沢
0%
厚真町 マッカウス川(マッカウス沢川)
0%
厚真町 二級河川 日高幌内川
0%
厚真町 マツノ沢
0%
厚真町 赤間ノ沢
0%
厚真町 シュルク沢川
0%
厚真町 オコッコ沢川
0%
厚真町 メナの沢川
0%
厚真町 頗美宇川
0%
厚真町 ポップナイ川
0%
厚真町 小路の沢川
0%
厚真町 谷内の沢川
0%
厚真町 ペンケ沢川
0%
厚真町 パンケ沢川
0%
厚真町 ヤチセ沢川
0%
厚真町 東和川
0%
厚真町 二級河川 ウクル川
0%
厚真町 ケイナイ沢川
0%
厚真町 石油沢川
0%
厚真町 オバウス沢川(オバウシ沢川)
0%
厚真町 知決辺川
0%
厚真町 西仁達幌川
0%
厚真町 本郷の沢川
0%
厚真町 近悦府川
0%
厚真町 ラフナイ川
0%
厚真町 軽舞川
0%
厚真町 軽舞一の沢川
0%
厚真町 帝石の沢川
0%
厚真町 軽舞二の沢川
0%
厚真町 野安部川
0%
⚫︎ 厚真町 豊丘川
0%
厚真町 鯉沼川
0%
厚真町 当麻内川(トウマナイ川)
0%
⚫︎ 厚真町 豊沢川
0%
厚真町 三宅沼川
0%
(△) 厚真町 東厚真川
0%
厚真町 松の沼
0%
厚真町 龍神沼
0%
厚真町 三宅沼
0%
厚真・むかわ 二級河川 入鹿別川
0%
厚真町 鹿沼沢川
0%
むかわ町 上イリシカベツ川
0%
むかわ町 ポロクラ川(ポログラ川)
0%
むかわ町 ポンタラ川
0%
むかわ町 ニタチナイ川
0%
むかわ町 オロべニタチナイ川
0%
⚫︎ むかわ町 ポンオロべニタチナイ川
0%
むかわ・厚真 長沼川
0%
厚真町 長沼
0%
厚真町 大沼
0%
占冠村 223号林班沢川
0%
占冠村 カリフリ川
0%
占冠村 一級河川 八戸沢川
0%
占冠村 京都農場沢川
0%
占冠村 山上農場沢川
0%
占冠村 十三線の沢川
0%
占冠村 三角沢
0%
占冠村 七線沢
0%
占冠村 青森団体の沢川
0%
占冠村 オクの沢川
0%
占冠村 トマム1号の沢川
0%
占冠村 一線沢川
0%
占冠村 一級河川 ホロカトマム川(ポロカトマム川)
0%
占冠村 二股川
0%
占冠村 四の沢川
0%
占冠村 一の沢
0%
占冠村 ポントマム川
0%
占冠村 四の沢
0%
占冠村 三の沢(三ノ沢)
0%
占冠村 一の沢(一ノ沢)
0%
占冠村 二股川
0%
占冠村 エタマンベ川
0%
占冠村 アスの沢川
0%
占冠村 滝の沢川
0%
占冠村 ユウベノ沢川
0%
占冠村 イタコマンベツ川
0%
占冠村 ペンケシュル川
0%
占冠村 藤田の沢川
0%
占冠村 一級河川 パンケシュル川
0%
占冠村 二里標沢川
0%
占冠村 三点の沢川
0%
占冠村 十四線の沢川
0%
⚫︎ 占冠村 一号の沢川
0%
⚫︎ 占冠村 二号の沢川
0%
占冠村 十三線の沢川
0%
⚫︎ 占冠村 フタマタ川
0%
占冠村 一休の沢川
0%
占冠村 湯の沢川
0%
占冠村 八線の沢川
0%
占冠村 ペペシェル川
0%
⚫︎ 占冠村 フタマタ川
0%
占冠村 井上沢川
0%
占冠村 三角山の沢川
0%
占冠村 一級河川 シム川
0%
占冠村 一号沢川
0%
⚫︎ 占冠村 三号沢川
0%
⚫︎ 占冠村 二号沢川
0%
占冠村 大谷の沢川
0%
占冠村 クテクンナイ川
0%
占冠村 黒瀬の沢川
0%
占冠村 一級河川 双珠別川
0%
占冠村 双珠別湖
0%
占冠村 二十の沢川
0%
占冠村 十八の沢川
0%
占冠村 十六の沢川
0%
占冠村 十四の沢川
0%
占冠村 十三の沢川
0%
占冠村 十二の沢川
0%
占冠村 十一の沢川
0%
占冠村 十の沢川
0%
占冠村 九の沢川
0%
占冠村 五番滝沢川
0%
占冠村 八の沢川
0%
占冠村 七の沢川
0%
占冠村 六の沢川
0%
⚫︎ 占冠村 南の沢川
0%
占冠村 一級河川 五の沢川
0%
占冠村 四の沢川
0%
占冠村 三の沢川
0%
占冠村 三番滝川
0%
占冠村 二番滝川
0%
占冠村 フンベツ沢川
0%
⚫︎ 占冠村 三号沢川
0%
⚫︎ 占冠村 二号沢川
0%
◽︎ 占冠村 北二号沢川
0%
⚫︎ 占冠村 一号沢川
0%
◽︎ 占冠村 北一号沢川
0%
占冠村 一級河川 ポンソウシュベツ川(ポンソウシュベツ沢川)
0%
⚫︎ 占冠村 下の沢川
0%
占冠村 十四の沢川
0%
占冠村 12線川
0%
占冠村 伊藤の沢川
0%
占冠村 キヨセノ沢川
0%
占冠村 一級河川 アリサラップ川
0%
⚫︎ 占冠村 峠下の沢川
0%
⚫︎ 占冠村 奥の沢川
0%
⚫︎ 占冠村 山西の沢川
0%
⚫︎ 占冠村 1号線の沢川
0%
占冠村 安田の川
0%
占冠村 小瀬の沢川
0%
占冠村 植田の沢川
0%
占冠村 マカウシザワ川
0%
占冠村 ニニップナイ沢川
0%
占冠村 東3線の沢川
0%
占冠村 東2線の沢川
0%
占冠村 小峰の沢川
0%
占冠村 水上の沢川
0%
占冠村 タンネナイ沢川(タンネナイ川)
0%
占冠村 弓立沢川
0%
占冠村 クラウンナイ川
0%
占冠村 小林の沢川
0%
占冠村 池田の沢川
0%
占冠村 冷水の沢川
0%
占冠村 ニセイパオマナイ川
0%
占冠村 二の沢川
0%
⚫︎ 占冠村 二の次沢川
0%
占冠村 一の次沢川
0%
⚫︎ 占冠村 一の沢川
0%
占冠村 一級河川 ペンケニニウ川
0%
占冠村 三線沢川
0%
占冠村 二線沢川
0%
占冠村 パンケニニウ川
0%
占冠村 ラケシウマナイ沢川
0%
占冠村 二股川
0%
占冠村 滝の沢川
0%
占冠村 南滝の沢川
0%
占冠村 小沢川
0%
むかわ町 チユンオマナイ沢川
0%
むかわ町 重箱の沢川
0%
むかわ町 ミズカ沢川
0%
むかわ町 ペンケモトツ沢川
0%
むかわ町 パンケモトツ沢川
0%
むかわ町 クーカルス沢川
0%
むかわ町 オロロップ沢川
0%
むかわ町 バッタラウシ沢川(パッタラウシ沢川)
0%
むかわ町 シュプキウシュナイ沢川
0%
むかわ町 八幡の沢川
0%
むかわ町 ペンケポロカアンベ沢川
0%
むかわ町 パンケポロカアンベ沢川
0%
むかわ町 坊主沢川
0%
むかわ町 島呂布沢川(シマロップ沢川)
0%
むかわ町 ニタカイ沢川
0%
むかわ町 ペンケシケレベ沢川
0%
むかわ町 パンケシケレベ沢川
0%
むかわ町 チクニナイ川(チクニナイ沢川)
0%
むかわ町 一級河川 トサノ川(トサノ沢川)
0%
むかわ町 一級河川 オソスケナイ川
0%
むかわ町 幌去川
0%
むかわ町 パンケルサノ沢川(パンケサノ沢川)
0%
むかわ町 フカウシ沢川
0%
むかわ町 梅の沢川
0%
むかわ町 一級河川 穂別川
0%
むかわ町 田村の沢川
0%
むかわ町 ヌタポマナイ川(ヌタポナイ川)
0%
⚫︎ むかわ町 楓の沢川
0%
⚫︎ むかわ町 栗山の沢川
0%
むかわ町 フジノ沢川
0%
むかわ町 桂の沢川
0%
むかわ町 高西の沢川
0%
むかわ町 一級河川 サヌシュベ川(サヌシュッペ川)
0%
⚫︎ むかわ町 ホロカサヌシュベ川
0%
◽︎ むかわ町 石山の沢川
0%
⚫︎ むかわ町 マツカシマップ川
0%
むかわ町 今村の沢川
0%
むかわ町 ソソシ沢川
0%
むかわ町 シュッタノ沢川
0%
むかわ町 紅葉沢川
0%
むかわ町 ペンケオピラルカ沢川
0%
⚫︎ むかわ町 石油沢川
0%
むかわ町 ペンケベツ沢川
0%
むかわ町 パンケオピラルカ沢川
0%
⚫︎ むかわ町 学校沢川
0%
むかわ町 マコップ沢川(マコップ沢)
0%
むかわ町 チチヤップ川
0%
むかわ町 カイクマ川(カイクマ沢川)
0%
むかわ町 一級河川 ルベシベ川(ルベシベ沢川)
0%
むかわ町 枯崎ノ沢川(枯崎ノ沢)
0%
むかわ町 ペンケルベシベ沢川
0%
むかわ町 パンケルベシベ沢川
0%
⚫︎ むかわ町 ショモチレコナイ沢川
0%
⚫︎ むかわ町 アイカップ沢川(アイカップ沢)
0%
むかわ町 オピラクシナイ沢川(オピラクシナイ沢)
0%
むかわ町 一級河川 キナウス川
0%
むかわ町 元ノ沢
0%
むかわ町 良樹の沢川
0%
むかわ町 見晴ノ沢川
0%
むかわ町 下ノ沢川
0%
むかわ町 ホロカンベ川
0%
⚫︎ むかわ町 左ノ沢
0%
⚫︎ むかわ町 右ノ沢
0%
むかわ町 カツケン沢川(カッケン沢川)
0%
むかわ町 三十点の沢川
0%
むかわ町 宮前沢川
0%
むかわ町 イナエップ沢川
0%
むかわ町 イオニシブ沢川(イオニシブ沢)
0%
むかわ町 ツドウの沢川
0%
むかわ町 カイカウニ沢川
0%
むかわ町 ムカデノ沢川
0%
むかわ町 カイカニ沢川
0%
むかわ町 戸村の沢川
0%
むかわ町 一級河川 似湾川
0%
むかわ町 カラマツ沢川
0%
むかわ町 四十八点沢川
0%
むかわ町 ムカデの沢川(ムカデノ沢川)
0%
むかわ町 毛似湾川
0%
⚫︎ むかわ町 八号沢川(8号沢川)
0%
⚫︎ むかわ町 七号沢川(6号沢川)
0%
むかわ町 六号沢川(5号沢川)
0%
むかわ町 春栄沢川
0%
むかわ町 五号沢川(4号沢川)
0%
むかわ町 栗木の沢川(クリキノ沢川)
0%
むかわ町 四号沢川
0%
むかわ町 三号沢川(3号沢川)
0%
むかわ町 仁和川
0%
むかわ町 あびるの沢川
0%
むかわ町 仁和3号沢川(仁和三号沢川)
0%
むかわ町 二号沢川
0%
むかわ町 一号沢川(1号沢川)
0%
むかわ町 キキンニの沢川
0%
むかわ町 仁和1号沢川(仁和一号沢川)
0%
むかわ町 仁和2号沢川(仁和二号沢川)
0%
むかわ町 星の沢川
0%
むかわ町 一級河川 湯の沢川
0%
むかわ町 右の沢川
0%
⚫︎ むかわ町 中の沢川
0%
むかわ町 有明川
0%
むかわ町 オブスケ川
0%
むかわ町 田の沢川
0%
むかわ町 イクベツ沢川
0%
むかわ町 牧田川
0%
むかわ町 キリカツ沢川
0%
むかわ町 左1号の沢川
0%
(△) むかわ町 シモノ沢川
0%
むかわ町 アツベツ川
0%
むかわ町 モイベツ川
0%
むかわ町 イモッペ川
0%
むかわ町 一級河川 珍川(チン川)
0%
むかわ町 ライバチン川
0%
むかわ町 鵡川水路川
0%
No matching quizzes found
Score Distribution
Percent of People with Each Score
Percentile by Number Answered
Your Score History
You have not taken this quiz since the last reset